01442nam a2200337 i 4500003000900000005001700009007000300026008004100029020001800070040003000088041000800118082002400126100004400150245009300194264007400287300003200361336002700393337003400420338002800454490004200482490003000524500006500554504003800619590002700657830007600684910000700760942001400767952015000781952015600931999001701087DO-SdBNP20260305124930.0ta260305b2025 dr ||||| |||| 00| 0 spa d a9789945423549 aDO-SdBNPbspacBNPHUerda aspa 4axxxbP349m 2025222 aPeña Pérez, Edgareautor42298914610aManual para el diseño y desarrollo del trabajo final de Grado /cEdgar Peña Pérez. 4aSanto Domingo, República Dominicana : bUniversidad APEC,c©2025. a77, [4] páginas ;c23 cm. atextobtxt2rdacontent asin mediación bn2rdamedia avolumenbnc2rdacarrier1 aColección Unapec por un mundo mejor1 aSerie investigación v6 aIncluye datos biográficos del autor en las páginas [79]  aBibliografía: páginas [75]-77 aInventariado, 2026 /LP aColección Unapec por un mundo mejorpSerie investigación v6989147 aLP 2ddccLBS1 00102ddc51708PDaBNPHUbBNPHUcCTd2025-11-06eDonado por Editora Búhol0oBNPHU PD xxx P349m 2025p2026-1763r2026-03-05w2026-03-05yLBS1 00102ddc51708PDaBNPHUbBNPHUcCTd2025-11-06eDonado por Editora Búhol0oBNPHU PD xxx P349m 2025p2026-1764r2026-03-05te. 2w2026-03-05yLBS1 c60439d60439